[Event "Kolomna-ch"]
[Site "Kolomna"]
[Date "2010.02.14"]
[Round "11"]
[White "Korochkin, Viktor"]
[Black "Alexandrov, Anatoly"]
[Result "1-0"]
[WhiteElo "2074"]
[BlackElo "2260"]
[PlyCount "61"]
[EventDate "2010.01.10"]
[EventType "tourn"]
[EventRounds "13"]
[EventCountry "RUS"]
[SourceTitle "EXT 2011"]
[Source "ChessBase"]
[SourceDate "2010.11.26"]
[SourceVersion "1"]
[SourceVersionDate "2010.11.26"]
[SourceQuality "1"]

1. c4 f5 2. d4 d6 3. Nc3 c6 4. g3 Qc7 5. Bg2 Be6 6. d5 Bf7 7. Nf3 Nf6 8. 0-0 e5 9. dxe6 Bxe6 10. b3 Be7 11. Nd4 Bd7 12. Qc2 Qc8 13. Bh3 Ng4 14. f3 Bf6 15. fxg4 Bxd4+ 16. e3 Be5 17. gxf5 d5 18. Ba3 Kf7 19. Qd3 Re8 20. cxd5 Kg8 21. Rad1 cxd5 22. Nxd5 Nc6 23. f6 Bxh3 24. f7+ Kh8 25. fxe8Q+ Qxe8 26. Rf8+ Qxf8 27. Bxf8 Rxf8 28. Nf4 Bf5 29. Qb5 Be4 30. Ne6 Rb8 31. Rd8+ 1-0

[Event "Kolomna-ch"]
[Site "Kolomna"]
[Date "2010.01.30"]
[Round "6"]
[White "Borgovich, Anton"]
[Black "Alexandrov, Anatoly"]
[Result "0-1"]
[WhiteElo "2058"]
[BlackElo "2260"]
[PlyCount "94"]
[EventDate "2010.01.10"]
[EventType "tourn"]
[EventRounds "13"]
[EventCountry "RUS"]
[SourceTitle "EXT 2011"]
[Source "ChessBase"]
[SourceDate "2010.11.26"]
[SourceVersion "1"]
[SourceVersionDate "2010.11.26"]
[SourceQuality "1"]

1. Nf3 Nf6 2. d4 c5 3. d5 g6 4. c4 Bg7 5. Nc3 0-0 6. e4 d6 7. h3 b5 8. cxb5 a6 9. Bc4 axb5 10. Bxb5 Nxe4 11. Nxe4 Qa5+ 12. Nc3 Bxc3+ 13. bxc3 Qxb5 14. Bh6 Re8 15. Ng5 Nd7 16. g4 Ne5 17. Qe2 Nd3+ 18. Kf1 c4 19. Qf3 Ne5 20. Qe4 Qb2 21. Kg2 Rxa2 22. Rxa2 Qxa2 23. Qd4 Qe2 24. Rd1 Qb2 25. Rd2 Qb7 26. f4 f6 27. Ne4 Nf7 28. g5 Nxh6 29. gxh6 Bf5 30. Re2 Qd7 31. Re3 Rb8 32. Kg3 Bxh3 33. Kh2 Rb2+ 34. Kh1 Bg2+ 35. Kg1 Bxe4 36. Qxe4 Qg4+ 37. Kf1 Rb7 38. Qe6+ Qxe6 39. Rxe6 Kf7 40. Re4 Rc7 41. Kf2 Rc5 42. Rd4 f5 43. Ke3 e5 44. Rd2 g5 45. fxg5 Kg6 46. Rb2 Kxg5 47. Rb6 Rxd5 0-1

[Event "Kolomna-ch final 59th"]
[Site "Kolomna"]
[Date "2009.02.18"]
[Round "12"]
[White "Kovpak, Igor"]
[Black "Alexandrov, Anatoly"]
[Result "0-1"]
[WhiteElo "2091"]
[BlackElo "2243"]
[PlyCount "85"]
[EventDate "2009.01.08"]
[EventType "tourn"]
[EventRounds "13"]
[EventCountry "RUS"]
[SourceTitle "EXT 2022"]
[Source "ChessBase"]
[SourceDate "2021.10.06"]
[SourceVersion "1"]
[SourceVersionDate "2021.10.06"]
[SourceQuality "1"]

1. d4 Nf6 2. c4 c5 3. d5 e6 4. Nc3 exd5 5. cxd5 d6 6. e4 g6 7. Bg5 Bg7 8. Qd2 h6 9. Bf4 a6 10. Bd3 b5 11. Rc1 Nh5 12. Be3 Nd7 13. Nf3 b4 14. Ne2 a5 15. 0-0 Ba6 16. Bxa6 Rxa6 17. Qc2 0-0 18. h3 Re8 19. Rce1 Qf6 20. Bc1 g5 21. Qd3 Ra7 22. g4 Nf4 23. Nxf4 gxf4 24. Qd2 c4 25. Qxf4 Qxf4 26. Bxf4 Bxb2 27. Bxd6 Nf6 28. Bc5 Ra6 29. Bd4 Bxd4 30. Nxd4 Rxe4 31. Rxe4 Nxe4 32. Nf5 c3 33. Rd1 a4 34. Nd4 Rb6 35. f3 Nc5 36. Ne2 c2 37. Rd2 b3 38. axb3 axb3 39. Nc1 b2 40. Rxc2 b1Q 41. Rxc5 Qb4 42. Rc8+ Kh7 43. Nd3 0-1

[Event "Kolomna City-ch"]
[Site "Kolomna"]
[Date "2008.01.20"]
[Round "5"]
[White "Alexandrov, Anatoly"]
[Black "Gurov, Rodion"]
[Result "1-0"]
[WhiteElo "2250"]
[BlackElo "2045"]
[PlyCount "73"]
[EventDate "2008.01.08"]
[EventType "tourn"]
[EventRounds "15"]
[EventCountry "RUS"]
[SourceTitle "EXT 2009"]
[Source "ChessBase"]
[SourceDate "2008.11.26"]
[SourceVersion "1"]
[SourceVersionDate "2008.11.26"]
[SourceQuality "1"]

1. e4 g6 2. d4 d6 3. f4 c6 4. Nf3 d5 5. Nc3 dxe4 6. Nxe4 Bg7 7. Bc4 e6 8. 0-0 Nd7 9. Nd6+ Kf8 10. Ng5 Nb6 11. Ngxf7 Qe7 12. Bb3 Nf6 13. Nxc8 Qxf7 14. Nxb6 axb6 15. c3 Re8 16. Bd2 Nd5 17. Qf3 Ne7 18. Rae1 Nd5 19. Re4 b5 20. Rfe1 Qf6 21. Qe2 Kf7 22. g4 Re7 23. f5 gxf5 24. gxf5 Rhe8 25. fxe6+ Rxe6 26. Rf1 Rxe4 27. Qh5+ Kf8 28. Rxf6+ Bxf6 29. Qxh7 R8e7 30. Bh6+ Ke8 31. Qg6+ Kd7 32. Bxd5 Re1+ 33. Kg2 cxd5 34. Qxf6 R1e6 35. Qf5 Kc6 36. Bf4 Re8 37. Kf3 1-0

[Event "Kolomna City-ch"]
[Site "Kolomna"]
[Date "2008.01.13"]
[Round "3"]
[White "Alexandrov, Anatoly"]
[Black "Guschin, Anton"]
[Result "1/2-1/2"]
[WhiteElo "2250"]
[BlackElo "2287"]
[PlyCount "34"]
[EventDate "2008.01.08"]
[EventType "tourn"]
[EventRounds "15"]
[EventCountry "RUS"]
[SourceTitle "EXT 2009"]
[Source "ChessBase"]
[SourceDate "2008.11.26"]
[SourceVersion "1"]
[SourceVersionDate "2008.11.26"]
[SourceQuality "1"]

1. e4 c5 2. Nf3 e6 3. d4 cxd4 4. Nxd4 Nf6 5. Nc3 d6 6. g4 e5 7. Nf5 h5 8. g5 Nxe4 9. Nxg7+ Bxg7 10. Nxe4 d5 11. Ng3 Bg4 12. Be2 Bxe2 13. Qxe2 Nd7 14. Nxh5 Bf8 15. Bd2 Qb6 16. 0-0-0 0-0-0 17. f4 Bd6 1/2-1/2

[Event "Kolomna City-ch"]
[Site "Kolomna"]
[Date "2008.01.08"]
[Round "1"]
[White "Alexandrov, Anatoly"]
[Black "Vygovsky, Alexey"]
[Result "0-1"]
[WhiteElo "2250"]
[BlackElo "2133"]
[PlyCount "82"]
[EventDate "2008.01.08"]
[EventType "tourn"]
[EventRounds "15"]
[EventCountry "RUS"]
[SourceTitle "EXT 2009"]
[Source "ChessBase"]
[SourceDate "2008.11.26"]
[SourceVersion "1"]
[SourceVersionDate "2008.11.26"]
[SourceQuality "1"]

1. e4 e5 2. Nf3 Nc6 3. Bb5 a6 4. Ba4 Nf6 5. 0-0 Nxe4 6. d4 b5 7. Bb3 d5 8. dxe5 Be6 9. a4 Na5 10. axb5 Nxb3 11. cxb3 axb5 12. Rxa8 Qxa8 13. Nd4 Bd7 14. f3 Nc5 15. Nc3 b4 16. Nce2 Ne6 17. f4 Nxd4 18. Nxd4 c5 19. Nc2 Bf5 20. Ne3 Be4 21. Qe2 Qc6 22. f5 Be7 23. Qg4 g6 24. f6 Bd8 25. Bd2 h5 26. Qh3 Bb6 27. Rc1 Qd7 28. Qh4 Kd8 29. Ra1 Kc7 30. Qf4 Qe6 31. Nc4 dxc4 32. Qxe4 Rd8 33. Be3 cxb3 34. Rc1 Rd5 35. Kf1 Kd7 36. Bf4 g5 37. Bxg5 Qxe5 38. Qxe5 Rxe5 39. h4 Kc6 40. g3 Re4 41. Bd2 Kb5 0-1

[Event "Kolomna-ch sf-B 58th"]
[Site "Kolomna"]
[Date "2007.11.11"]
[Round "8"]
[White "Alexandrov, Anatoly"]
[Black "Nikitin, Victor Alekseevich"]
[Result "1-0"]
[WhiteElo "2260"]
[BlackElo "2054"]
[PlyCount "64"]
[EventDate "2007.10.10"]
[EventType "tourn"]
[EventRounds "9"]
[EventCountry "RUS"]
[SourceTitle "EXT 2022"]
[Source "ChessBase"]
[SourceDate "2021.10.06"]
[SourceVersion "1"]
[SourceVersionDate "2021.10.06"]
[SourceQuality "1"]

1. e4 e5 2. Nf3 Nc6 3. Bb5 a6 4. Ba4 Nf6 5. 0-0 Be7 6. Bxc6 dxc6 7. Qe1 Nd7 8. d4 Bf6 9. Be3 0-0 10. Nc3 Qe7 11. d5 Nb6 12. Nd2 cxd5 13. Bxb6 cxb6 14. Nxd5 Qd8 15. Nc4 b5 16. Ncb6 Rb8 17. Rd1 Be6 18. Rd3 Bg5 19. Qc3 Bxd5 20. Nxd5 Re8 21. Nc7 Qf6 22. Nxe8 Rxe8 23. Rf3 Qb6 24. Rd1 h5 25. Rf5 Bh4 26. Qf3 Qe6 27. Rxh5 Bf6 28. Qh3 g6 29. Qxe6 Rxe6 30. Rh3 b4 31. Rhd3 Re8 32. Rd6 Bg7 1-0

[Event "Kolomna-ch sf-B 58th"]
[Site "Kolomna"]
[Date "2007.10.31"]
[Round "7"]
[White "Lukianova, Vera"]
[Black "Alexandrov, Anatoly"]
[Result "0-1"]
[WhiteElo "1856"]
[BlackElo "2260"]
[PlyCount "41"]
[EventDate "2007.10.10"]
[EventType "tourn"]
[EventRounds "9"]
[EventCountry "RUS"]
[SourceTitle "EXT 2022"]
[Source "ChessBase"]
[SourceDate "2021.10.06"]
[SourceVersion "1"]
[SourceVersionDate "2021.10.06"]
[SourceQuality "1"]

1. e4 c5 2. Nf3 e6 3. d4 cxd4 4. Nxd4 Nc6 5. Nc3 Bb4 6. Ndb5 Nge7 7. a3 Bxc3+ 8. Nxc3 a6 9. g3 0-0 10. Bg2 f5 11. Bg5 Qb6 12. Na2 Qa5+ 13. c3 fxe4 14. Bxe7 Nxe7 15. Bxe4 Nf5 16. 0-0 d5 17. Bg2 Bd7 18. b3 Rac8 19. Nb4 Qc5 20. Nd3 Bb5 21. Re1 0-1

[Event "Kolomna-ch sf-B 58th"]
[Site "Kolomna"]
[Date "2007.10.28"]
[Round "6"]
[White "Alexandrov, Anatoly"]
[Black "Korochkin, Viktor"]
[Result "0-1"]
[WhiteElo "2260"]
[BlackElo "2186"]
[PlyCount "46"]
[EventDate "2007.10.10"]
[EventType "tourn"]
[EventRounds "9"]
[EventCountry "RUS"]
[SourceTitle "EXT 2022"]
[Source "ChessBase"]
[SourceDate "2021.10.06"]
[SourceVersion "1"]
[SourceVersionDate "2021.10.06"]
[SourceQuality "1"]

1. e4 c5 2. Nf3 d6 3. d4 cxd4 4. Nxd4 Nc6 5. Nc3 a6 6. Be3 e6 7. g4 Be7 8. Rg1 h6 9. Qd2 Bg5 10. 0-0-0 Bxe3 11. Qxe3 Nge7 12. f4 Qb6 13. Rg3 0-0 14. Rd2 d5 15. Nxc6 Qxc6 16. exd5 Nxd5 17. Nxd5 exd5 18. Bg2 Re8 19. Qf2 Qa4 20. Bxd5 Be6 21. Ra3 Qb4 22. Rd4 Qc5 23. Bxe6 Rxe6 0-1

[Event "Kolomna-ch sf-B 58th"]
[Site "Kolomna"]
[Date "2007.10.14"]
[Round "2"]
[White "Alexandrov, Anatoly"]
[Black "Makushkin, Aleksandr"]
[Result "1-0"]
[WhiteElo "2260"]
[BlackElo "1770"]
[PlyCount "55"]
[EventDate "2007.10.10"]
[EventType "tourn"]
[EventRounds "9"]
[EventCountry "RUS"]
[SourceTitle "EXT 2022"]
[Source "ChessBase"]
[SourceDate "2021.10.06"]
[SourceVersion "1"]
[SourceVersionDate "2021.10.06"]
[SourceQuality "1"]

1. e4 c6 2. d4 d5 3. exd5 Qxd5 4. Nc3 Qd6 5. Bc4 e6 6. Nge2 Nd7 7. a3 Nb6 8. Bb3 Nf6 9. Bf4 Qd7 10. 0-0 Nfd5 11. Be5 Qe7 12. Ne4 Qd7 13. c4 f6 14. Bg3 f5 15. cxd5 fxe4 16. dxe6 Qe7 17. Nf4 g6 18. d5 a5 19. Qd4 Bg7 20. Qxb6 0-0 21. d6 Qf6 22. d7 Kh8 23. Rad1 Bxd7 24. exd7 a4 25. Bc4 h5 26. Nxg6+ Qxg6 27. d8Q Kh7 28. Qdc7 1-0